000
00288nam a2200109Ia 4500
008
220204s9999 xx 000 0 und d
082
_a
330.8
_b
SCH
100
_a
SCHUMPETER, Joseph A
245
0
_a
Ten great economists: From Marx to Keynes
260
_a
New York
_b
Oxford
_c
1965
942
_c
BK
999
_c
20824
_d
20824